000 00753cam a22002415a 4500
001 4005856
005 20201128024229.0
008 960515s2001 flua frb 001 0 eng d
020 _a1857283384
020 _a9781857283389
040 _aDLC
_cDLC
_dDLC
_dEG-ScBUE
_beng
082 0 4 _a670
_222
_bWAT
100 1 _aWaters, T. Frederick.
245 1 0 _aFundamentals of manufacturing for engineers /
_cT. F. Waters.
260 _aBoca Raton :
_bTaylor & Francis Group,
_c2001.
300 _ax, 321 p. :
_bill. ;
_c25 cm.
504 _aIncludes bibliographical references and index.
650 7 _aManufacturing processes.
_2BUEsh
_94604
650 7 _aProduction engineering.
_2BUEsh
_9357
651 _2BUEsh
653 _bGGEN
_cJanuary2018
942 _2ddc
999 _c26028
_d26000